|
|
|
|
| LEADER |
00000cam a22000004a 4500 |
| 001 |
musev2_549 |
| 003 |
MdBmJHUP |
| 005 |
20230905040113.0 |
| 006 |
m o d |
| 007 |
cr||||||||nn|n |
| 008 |
100324s2010 nyu o 00 0 eng d |
| 010 |
|
|
|z 2010008243
|
| 020 |
|
|
|a 9781438433738
|
| 020 |
|
|
|z 9781438433752
|
| 020 |
|
|
|z 1438433751
|
| 020 |
|
|
|z 1438433735
|
| 035 |
|
|
|a (OCoLC)658060891
|
| 040 |
|
|
|a MdBmJHUP
|c MdBmJHUP
|
| 043 |
|
|
|a n-us---
|
| 050 |
0 |
4 |
|a JK526 2008
|b .W46 2010
|
| 082 |
0 |
|
|a 324.973/0931
|2 22
|
| 245 |
0 |
0 |
|a Who Should Be First? :
|b Feminists Speak Out on the 2008 Presidential Campaign /
|c edited by Beverly Guy-Sheftall and Johnnetta Betsch Cole.
|
| 264 |
|
1 |
|a Albany, N.Y. :
|b State University of New York Press,
|c 2010.
|
| 264 |
|
3 |
|a Baltimore, Md. :
|b Project MUSE,
|c 2012
|
| 264 |
|
4 |
|c ©2010.
|
| 300 |
|
|
|a 1 online resource (357 pages):
|b ill. ;
|
| 336 |
|
|
|a text
|b txt
|2 rdacontent
|
| 337 |
|
|
|a computer
|b c
|2 rdamedia
|
| 338 |
|
|
|a online resource
|b cr
|2 rdacarrier
|
| 504 |
|
|
|a Includes bibliographical references and index.
|
| 505 |
0 |
|
|a Feminists for peace and Barack Obama / Frances Anderson ... [et al.] -- Feminists for Clinton / Christine Stansell -- Stop the false race-gender divide / Ann Russo and Melissa Spatz -- Morning in America: a letter from feminists on the election / Patricia J. Williams -- Duel of historical guilts / Maureen Dowd -- It's not as simple as white trumping black or man trumping woman / Patricia J. Williams -- Sex versus race, again / Tracy A. Thomas -- Obama and the sisters / Melissa Harris-Lacewell -- Lest we forget: an open letter to my sisters who are brave / Alice Walker -- Culture trumps politics and gender trumps race / Carol Moseley Braun -- What would Shirley Chisholm say? / Mark Anthony Neal -- Voting for the girl: some thoughts on sisterhood and citizenship / Pearl Cleage -- The sisterhood split / Jessica Valenti -- Hillary versus the patriarchy / Erica Jong -- Hillary is white / Zillah Eisenstein -- Your whiteness is showing / Tim Wise -- Black and for Hillary / Tara Roberts -- Why I support Obama / Andrea Guerrero -- Daughters of the south, rise up: on generation, gender, and race in the 200.8 Democratic election / Cassie Premo Steele -- Generation Y refuses race-gender dichotomy / Courtney E. Martin -- Why I'm supporting Barack Obama / Katha Pollitt -- The Obama feminists: why young women are supporting Obama / Ariel Garfinkel -- Yo mamma / Linda Hirshman -- Feminists must heal the wounds of racism / Aishah Shahidah Simmons -- Crises of representation: hate messages in campaign 2008 commercial paraphernalia / Jane Caputi -- Goodbye to all that #2 / Robin Morgan -- Race to the bottom / Betsy Reed -- Intersectionality: race and gender in the 2008 presidential nomination campaign / Dianne M. Pinderhughes -- Does race trump gender?: Black women negotiating their spaces of intersection in the 2008 presidential campaign / Cynthia Neal Spence -- The generation gap: graduate students and democratic primaries spring 2008 / A. Lynn Bolles -- Michelle Obama on my mind / Arica L. Coleman -- Why we need to stop obsessing over Obama / Andrea Smith -- Learning from a year of hope and hard choices / Gloria Steinem -- Reading Obama: collective responsibilities and the politics of tears / M. Jacqui Alexander, Gail Lewis, and Gloria Wekker
|
| 588 |
|
|
|a Description based on print version record.
|
| 650 |
|
0 |
|a Feminists
|z United States
|x History
|y 21st century.
|
| 650 |
|
0 |
|a Presidential candidates
|z United States
|x History
|y 21st century.
|
| 650 |
|
0 |
|a Presidents
|z United States
|x Election
|y 2008.
|
| 600 |
1 |
0 |
|a Clinton, Hillary Rodham.
|
| 600 |
1 |
0 |
|a Obama, Barack.
|
| 655 |
|
7 |
|a Electronic books.
|2 local
|
| 700 |
1 |
|
|a Cole, Johnnetta B.
|
| 700 |
1 |
|
|a Guy-Sheftall, Beverly.
|
| 710 |
2 |
|
|a Project Muse.
|e distributor
|
| 830 |
|
0 |
|a Book collections on Project MUSE.
|
| 856 |
4 |
0 |
|z Texto completo
|u https://projectmuse.uam.elogim.com/book/549/
|
| 945 |
|
|
|a Project MUSE - Custom Collection
|
| 945 |
|
|
|a Project MUSE - 2010 Global Cultural Studies
|
| 945 |
|
|
|a Project MUSE - 2010 Complete
|